Hoards, grave goods, jewellery : objects in hoards and in burial contexts during the Mongol invasion of Central-Eastern Europe /
This monograph examines one specific hoard horizon, which is connected to the Mongol invasion of Hungary (1241-42). With this catastrophic event, the historical context is both well-known and much discussed by contemporaries and modern scholars. This opportunity to examine material connected to a so...
المؤلف الرئيسي:
التنسيق: كتاب الكتروني
اللغة: English
منشور في:
Oxford :
Archaeopress Publishing Ltd,
[2015]
سلاسل:
Archaeolingua Central European archaeological heritage series.
Archaeopress archaeology.
الموضوعات:
الوصول للمادة أونلاين: Login to view Source
الوسوم: إضافة وسم
رقم الطلب: DB929.75
| LEADER | 02597nam a2200433 i 4500 | ||
|---|---|---|---|
| 001 | EDZ0001357235 | ||
| 003 | StDuBDS | ||
| 005 | 20230412181623.0 | ||
| 006 | m|||||o||d|||||||| | ||
| 007 | cr ||||||||||| | ||
| 008 | 160317t20152015enka f b 000|0|eng|d | ||
| 020 | |a 9781784912031 (PDF ebook) : |c No price | ||
| 040 | |a StDuBDS |b eng |c StDuBDS |e rda |e pn | ||
| 050 | 4 | |a DB929.75 | |
| 082 | 0 | 4 | |a 943.902 |2 23 |
| 100 | 1 | |a Vargha, Mária, |e author. | |
| 245 | 1 | 0 | |a Hoards, grave goods, jewellery : |b objects in hoards and in burial contexts during the Mongol invasion of Central-Eastern Europe / |c Mária Vargha. |
| 264 | 1 | |a Oxford : |b Archaeopress Publishing Ltd, |c [2015] | |
| 264 | 4 | |c ©2015 | |
| 300 | |a 1 online resource : |b illustrations (black and white, and colour). | ||
| 336 | |a text |2 rdacontent | ||
| 336 | |a still image |2 rdacontent | ||
| 337 | |a computer |2 rdamedia | ||
| 338 | |a online resource |2 rdacarrier | ||
| 490 | 1 | |a Archaeolingua Central European archaeological heritage series | |
| 490 | 1 | |a Archaeopress archaeology | |
| 504 | |a Includes bibliographical references. | ||
| 520 | 8 | |a This monograph examines one specific hoard horizon, which is connected to the Mongol invasion of Hungary (1241-42). With this catastrophic event, the historical context is both well-known and much discussed by contemporaries and modern scholars. This opportunity to examine material connected to a sole event, but across a broad spectrum of geographical space and social class, is unique for hoard horizons in Hungary, and, for that matter, in Europe. Though this study focuses on hoards connected to the Mongol invasion, it is also relevant beyond this specific context. The work addresses issues concerning hoard finds and material culture, and examines how finds are related when found in different contexts (a hoard, grave, or settlement feature), thus the questions raised and conclusions reached are important for other medieval hoard finds. | |
| 521 | |a Specialized. | ||
| 588 | |a Description based on online resource; title from home page (viewed on March 17, 2016). | ||
| 651 | 0 | |a Hungary |x History |y Mongol Invasion, 1241-1242. | |
| 651 | 0 | |a Hungary |x Antiquities. | |
| 776 | 0 | 8 | |i Print version : |z 9781784912024 |
| 830 | 0 | |a Archaeolingua Central European archaeological heritage series. | |
| 830 | 0 | |a Archaeopress archaeology. | |
| 856 | 4 | 0 | |3 Archaeopress |u http://library.arce.org:8087/Archaeopress/Products/9781784912024 |
| 942 | |2 lcc |c EBOOK | ||
| 952 | |0 0 |1 0 |4 0 |6 DB092975 |7 1 |9 46094 |a ARCH |b ARCH |d 2023-04-12 |l 0 |o DB929.75 |r 2023-04-12 00:00:00 |w 2023-04-12 |y EBOOK | ||
| 999 | |c 51752 |d 51752 | ||
